Les impostures de l'histoire ancienne et profane; ouvrage nécessaire aux jeunes gens, aux instituteurs, & généralement à toutes les personnes qui veulent lire l'histoire avec fruit.

Bibliographic Details
Main Author: Lancellotti, Secondo, 1585-1643
Format: eBook
Language:French
Published: Londres [i.e. Paris?] : & se trouve à Paris, chez J. P. Costard, 1770.
Series:Eighteenth century collections online.
Online Access:Full text online

MARC

Tag First Indicator Second Indicator Subfields
LEADER 00000cam a2200000 4500
001 in00001908016
006 m | d |
007 cr |n||||||||n
008 821027s1770 fr |||| s 00| ||fre d
005 20260413204753.1
035 |a (CStRLIN)ESTCT110979 
040 |a Uk-ES  |c Uk-ES  |d CStRLIN  |d Thomson Gale  |d UtOrBLW 
100 1 |a Lancellotti, Secondo,  |d 1585-1643. 
240 1 0 |a Farfalloni degli antichi historici.  |l French 
245 1 4 |a Les impostures de l'histoire ancienne et profane; ouvrage nécessaire aux jeunes gens, aux instituteurs, & généralement à toutes les personnes qui veulent lire l'histoire avec fruit. 
264 1 |a Londres [i.e. Paris?] :  |b & se trouve à Paris, chez J. P. Costard,  |c 1770. 
300 |a 2 volumes ;  |c 8⁰. 
336 |a text  |b txt  |2 rdacontent 
337 |a computer  |b c  |2 rdamedia 
338 |a online resource  |b cr  |2 rdacarrier 
500 |a A translation of S. Lancellotti's 'Farfalloni degli antichi historici' by G. Oliva. 
500 |a Probably printed in Paris. WA reports 12⁰. 
500 |a Reproduction of original from the British Library. 
510 4 |a English Short Title Catalog,  |c ESTCT110979. 
533 |a Electronic reproduction.  |b Farmington Hills, Mich. :  |c Thomson Gale,  |d 2003.  |n Available via the World Wide Web.  |n Access limited by licensing agreements  |7 s2003 miunns 
500 |a Electronic resource. 
830 0 |a Eighteenth century collections online. 
856 4 0 |u http://proxy.library.tamu.edu/login?url=https://galenet.galegroup.com/servlet/ECCO?c=1&stp=Author&ste=11&af=BN&ae=T110979&tiPG=1&dd=0&dc=flc&docNum=CW112439764&vrsn=1.0&srchtp=a&d4=0.33&n=10&SU=0LRK&locID=txshracd2898  |z Full text online  |t 0 
999 |a MARS 
999 f f |s a87c29f6-1822-3cc7-9b66-21e6bee8bca6  |i 76ee7698-0250-3f32-a8a0-514f79b2a5ae  |t 0 
952 f f |a Texas A&M University  |b College Station  |c Electronic Resources  |s www_evans  |d Available Online  |t 0  |h No information provided 
998 f f |t 0  |l Available Online